| 000 | 01002nam a22002657a 4500 | ||
|---|---|---|---|
| 005 | 20260108064009.0 | ||
| 007 | cr |||aaa||||| | ||
| 008 | 250617s2022 ck|adjkfon||| 001 0 spa d | ||
| 020 | _a9789587227789 | ||
| 040 |
_aMX-MxUPN _bspa _cMX-MxUPN _eaacr2 |
||
| 041 | _aspa | ||
| 050 |
_aQA119 _b2022 |
||
| 100 |
_aFernández Sánchez, Óscar _957077 |
||
| 245 |
_aUna caracterización del abordaje de los números enteros negativos y números irracionales en libros escolares usados en el Eje Cafetero _h[recurso electrónico en línea] |
||
| 260 |
_aPereira, Colombia : _bUniversidad Tecnológica de Pereira, _c2022 |
||
| 300 |
_a1 recurso electrónico (218 páginas) _bPDF |
||
| 490 | _aTrabajos de Investigación | ||
| 500 | _aIncluye bibliografía | ||
| 650 | 2 |
_aNúmeros negativos _918931 |
|
| 650 | 0 |
_aNúmeros irracionales _957078 |
|
| 650 | 4 |
_aLibros de texto _94427 |
|
| 856 | _uhttps://hdl.handle.net/11059/14628 | ||
| 902 | _aMaiella Martínez / 17062024 | ||
| 942 |
_2lcc _cLIBRO-E |
||
| 999 |
_c213537 _d213537 |
||